| 000 | 00592 a2200193 4500 | ||
|---|---|---|---|
| 020 | _a0-7225-3293-8 | ||
| 040 |
_aDLC _bDLC |
||
| 100 | 1 | _aCoelho, Paulo, | |
| 245 | 0 | 4 |
_aThe alchemist _cPaulo Coelho ; translated by Alan R. Clarke |
| 260 |
_aLondon : _bHarperCollins, _c1999 |
||
| 300 |
_a177p ; _c20cm |
||
| 500 | _aOriginal English translation published: San Francisco : HarperSanFrancisco, 1993 | ||
| 500 | _aOrig:s titel: O alquimista | ||
| 500 | _aFrsta engelska upplaga | ||
| 650 | 7 | _aSknlitteratur | |
| 655 | 4 | _aBok | |
| 700 | 1 |
_aClarke, Alan R. _4trl |
|
| 942 |
_cBK _k869.3 COE _2ddc |
||
| 999 |
_c9842 _d9842 |
||